000 00337nam a22001337a 4500
008 171013b xxu||||| |||| 00| 0 eng d
020 _a9780138175528
041 _aeng
080 _23 ED
_a316
100 _a51
101 _aSOC
245 _aSOCIAL PROBLEMS A CRITICAL POWER CONFLICT PERSPECTIVE
_cFEAGIN.B
942 _2udc
_cBK
999 _c33735
_d33735